00305nam a2200109Ia 4500100003100000654004600031245004600077260004400123082000800167300000800175546001200183 aAmrine/ H.T/ Ritchey/ J.A  aManufacturing Organization And Management aManufacturing Organization And Management bPrentice Hall of IndiaaNew Delhic1983 a658 a529 aENGLISH